Concise encyclopedia of biostatistics for medical professionals/ (Record no. 32386)

000 -LEADER
fixed length control field 00568nam a22001817a 4500
008 - FIXED-LENGTH DATA ELEMENTS--GENERAL INFORMATION
fixed length control field 260324b |||||||| |||| 00| 0 eng d
020 ## - INTERNATIONAL STANDARD BOOK NUMBER
International Standard Book Number 9781482243871
050 ## - LIBRARY OF CONGRESS CALL NUMBER
Classification number R 853 .57 I53 2017
100 ## - MAIN ENTRY--PERSONAL NAME
Personal name Indrayan,Abhaya.
245 ## - TITLE STATEMENT
Title Concise encyclopedia of biostatistics for medical professionals/
Statement of responsibility, etc. Abhaya Indrayan.
260 ## - PUBLICATION, DISTRIBUTION, ETC. (IMPRINT)
Place of publication, distribution, etc. USA:
Name of publisher, distributor, etc. CRC press,
Date of publication, distribution, etc. c2017.
300 ## - PHYSICAL DESCRIPTION
Extent xlv,682p.:
Other physical details ill.;
Dimensions 27cm
650 ## - SUBJECT ADDED ENTRY--TOPICAL TERM
Topical term or geographic name as entry element Medicine,
650 ## - SUBJECT ADDED ENTRY--TOPICAL TERM
Topical term or geographic name as entry element Research,
650 ## - SUBJECT ADDED ENTRY--TOPICAL TERM
Topical term or geographic name as entry element Stastical method.
700 ## - ADDED ENTRY--PERSONAL NAME
Personal name Holt,Martin.
942 ## - ADDED ENTRY ELEMENTS (KOHA)
Source of classification or shelving scheme
Koha item type Hard Covered Materials
Classification part R 853 .57 I53 2017
Holdings
Withdrawn status Lost status Source of classification or shelving scheme Damaged status Not for loan Home library Current library Shelving location Date acquired Source of acquisition Cost, normal purchase price Full call number Barcode Date last seen Price effective from Koha item type
          MACHAKOS UNIVERSITY LIBRARY MACHAKOS UNIVERSITY LIBRARY Open shelf 24/03/2026 Donation:(Falcon books East Africa) 15840.00 R 853 .57 .I53 2017 40387 11/06/2026 24/03/2026 Hard Covered Materials
© Machakos University Library, Along The Highway, Machakos Wote Rd, Machakos, Kenya P.O. Box 136 - 90100 Machakos - Kenya

Tel: ( +254 ) 723 805829 OR Fax : 044-20353 OR Email: library@mksu.ac.ke